000 00787nam a2200229 a 4500
001 000015330
005 20200929164020.0
008 100205s2005 dr 001 0 spa d
040 _aDO-SdBNP
_bspa
_cBNPHU
082 _a303.34
_bG643l, 2005
100 1 _aGonzález Díaz, Nestor Julio,
_d1927
_934661
245 1 0 _aLiderazgo /
_cNestor Julio González Díaz.
250 _a2a ed.
260 _aSanto Domingo :
_bComisión Permanente para la Reforma y Modernización de las Fuerzas Armadas,
_c2005.
300 _a221 p. ;
_c22 cm.
500 _aIncluye datos biográficos del autor en la contracubierta.
650 4 _aLiderazgo
_9115
650 4 _aAptitud de mando
_9116
650 4 _aPsicología militar
_934662
710 1 _aInternational Consulting Group
_934663
049 _aBNPD
999 _c14896
_d14896